000 00941nam a22002777a 4500
001 BR2013007519
003 BR-BrBNA
005 20230928104251.0
007 ta
008 230509b bl.||||| |||| 00| 0 por d
040 _aBR-BrBNA
_bpor
_cBiblioteca Nacional de Agricultura
041 _a(Por)
072 _aL70
_b8830
090 _ 8830 BR2013007519
100 1 _aMartins, B. de C.
110 1 _aUniversidade Federal de Minas Gerais, Belo Horizonte, MG (Brasil). Escola de Veterinária
_0Tese (Mestre em Ciência Animal)
_910868
245 1 _aEfeitos da associação do riluzol ao dantrolene em ratos submetidos ao trauma medular agudo
260 3 _aBelo Horizonte, MG (Brasil):
_c2012.
300 _a70 p.
500 _aBibliography p. 52-63; Summaries (Eng, Por); 11 illus.; 3 tables
650 _aRATO
650 _aANIMAL DE LABORATÓRIO
650 _aMEDICAMENTO
909 _a202309
_bLucia
_c55
_dLucia Elande
942 _cBK
999 _c78998
_d78998